Soznam kníh Matice slovenskej v Turčianskom Sv. Martine

Bibliographic Details
Format: Book
Language:Slovak
PhysicalDescription:23 s. V. 8°
Published: Turčiansky Sv. Martin Matica slovenská 1945
Subjects:

MARC

LEADER 00000cam a2200000 a 4500
001 vtls008397818
003 SK-MaSNL
005 20260301123601.0
008 200104s1945 xo 000 0 slo
015 |a SNBA19451955-011215 
035 |a SK01SNKBKSFS20020090035 
035 |a urn:nbn:sk:snk-am3hksm 
035 |a 0E93926D-A49E-4375-BD7E-060A73A75FC8 
035 |a urn:nbn:sk:snk-am00d3vh 
035 |a SKM000092498 
040 |a SNK  |b slo  |c SNK  |e AACR2 
041 0 |a slo 
044 |a xo  |c SK 
080 |a 01  |2 1981 
080 |a 655.5  |2 1981 
245 0 0 |a Soznam kníh Matice slovenskej v Turčianskom Sv. Martine 
260 |a Turčiansky Sv. Martin  |b Matica slovenská  |c 1945  |e Turčiansky Sv. Martin  |f Neografia 
300 |a 23 s.  |c V. 8° 
563 |a Tlač na prídoštiach 
610 2 7 |a Matica slovenská  |2 SNKKA  |9 14662 
650 0 7 |a nakladateľstvá a vydavateľstvá  |2 SNKPH  |9 2789 
655 7 |a katalógy  |2 SNKPH  |9 60821 
958 |a ONDV 
958 |a RK 
958 |a TL 
999 |c 736780  |d 738710 
952 |a SNK  |b SNK  |y VYP  |7 0  |p 17A0553631  |o snkSD 5121/6 D1  |i snkKSF 1389/56  |8 5  |3 rekatalogizácia  |0 0  |1 0  |4 0  |d 2007-06-19  |l 0  |r 2026-02-23 22:47:04  |w 2026-02-23 
952 |a SNK  |b SNK  |y PREZ  |7 0  |p 17A0908433  |o snkSD 5121/6  |i snk80/45  |0 0  |1 0  |4 0  |d 2018-07-06  |f 1  |l 0  |r 2025-11-12 00:00:00  |w 2026-02-23